[Event "Karl Mala Memorial op 13th"]
[Site "Frankfurt"]
[Date "2010.07.17"]
[Round "3"]
[White "Ivanovic, Petar"]
[Black "Ocantos, Manuel"]
[Result "0-1"]
[WhiteElo "1913"]
[BlackElo "2180"]
[PlyCount "108"]
[EventDate "2010.07.08"]
[EventType "swiss"]
[EventRounds "7"]
[EventCountry "GER"]
[SourceTitle "EXT 2012"]
[Source "ChessBase"]
[SourceDate "2011.11.24"]
[SourceVersion "1"]
[SourceVersionDate "2011.11.24"]
[SourceQuality "1"]

1. e4 c5 2. Nf3 d6 3. d4 cxd4 4. Nxd4 Nf6 5. Nc3 g6 6. f3 Bg7 7. Bb5+ Nbd7 8. Be3 0-0 9. Bxd7 Nxd7 10. 0-0 Ne5 11. b3 Bd7 12. Nce2 b5 13. Qd2 Re8 14. Rad1 a6 15. h3 Qc7 16. f4 Nc6 17. f5 Rac8 18. Rf2 Nxd4 19. Nxd4 Qc3 20. Qe2 Bc6 21. fxg6 hxg6 22. Nxc6 Qxc6 23. Bd4 Bxd4 24. Rxd4 Qc3 25. Rd3 Qa1+ 26. Kh2 Qxa2 27. Rg3 Qb2 28. Qh5 Qe5 29. Qf3 Rf8 30. Kg1 Qa1+ 31. Rf1 Qg7 32. Rf2 Rc5 33. b4 Rc4 34. h4 d5 35. exd5 Rxh4 36. c3 Qh6 37. Rh3 Rxh3 38. Qxh3 Qxh3 39. gxh3 Rd8 40. Rd2 Kg7 41. Kf2 Kf6 42. Kf3 Kf5 43. Rd4 e5 44. dxe6 Rxd4 45. cxd4 Kxe6 46. h4 Kd5 47. Ke3 f5 48. Kf4 Kxd4 49. Kg5 Ke4 50. Kxg6 f4 51. h5 f3 52. h6 f2 53. h7 f1Q 54. h8Q Qf5+ 0-1

[Event "Karl Mala Memorial op 13th"]
[Site "Frankfurt"]
[Date "2010.07.11"]
[Round "6"]
[White "Ivanovic, Petar"]
[Black "Kolker, Vladislav"]
[Result "0-1"]
[WhiteElo "1913"]
[BlackElo "2119"]
[PlyCount "60"]
[EventDate "2010.07.08"]
[EventType "swiss"]
[EventRounds "7"]
[EventCountry "GER"]
[SourceTitle "EXT 2012"]
[Source "ChessBase"]
[SourceDate "2011.11.24"]
[SourceVersion "1"]
[SourceVersionDate "2011.11.24"]
[SourceQuality "1"]

1. e4 e5 2. Nf3 Nc6 3. Bb5 f5 4. d4 fxe4 5. Nxe5 Nxe5 6. dxe5 c6 7. Bc4 Qa5+ 8. Nc3 Qxe5 9. Bxg8 Rxg8 10. Be3 d5 11. Qd2 Bg4 12. h3 Be6 13. 0-0-0 b6 14. a3 Be7 15. f4 Qc7 16. g4 g6 17. Rhf1 Rf8 18. Kb1 0-0-0 19. Qe2 Kb7 20. Na2 Rd7 21. Nb4 c5 22. Qa6+ Ka8 23. f5 gxf5 24. Bf4 Qb7 25. gxf5 Rxf5 26. Qe2 cxb4 27. Bc1 Rxf1 28. Rxf1 d4 29. Qb5 Qd5 30. b3 Qxb5 0-1

[Event "Karl Mala Memorial op 13th"]
[Site "Frankfurt"]
[Date "2010.07.10"]
[Round "5"]
[White "Ivanovic, Petar"]
[Black "Neurohr, Juergen"]
[Result "1-0"]
[WhiteElo "1913"]
[BlackElo "2096"]
[PlyCount "75"]
[EventDate "2010.07.08"]
[EventType "swiss"]
[EventRounds "7"]
[EventCountry "GER"]
[SourceTitle "EXT 2012"]
[Source "ChessBase"]
[SourceDate "2011.11.24"]
[SourceVersion "1"]
[SourceVersionDate "2011.11.24"]
[SourceQuality "1"]

1. e4 e6 2. d4 d5 3. e5 c5 4. c3 Nc6 5. Nf3 Qb6 6. Bd3 cxd4 7. cxd4 Bd7 8. 0-0 Nxd4 9. Nxd4 Qxd4 10. Qe2 Ne7 11. Kh1 Nc6 12. f4 Bc5 13. Nc3 a6 14. a4 Na5 15. Bd2 Nb3 16. Rad1 Nxd2 17. Rxd2 Qe3 18. Qd1 Bb4 19. Rf3 Qc5 20. f5 Bc6 21. fxe6 fxe6 22. Rf1 0-0-0 23. Rc2 Qa5 24. Qg4 Kb8 25. Na2 d4 26. Rxc6 bxc6 27. Qxe6 Rhf8 28. Rc1 Qxa4 29. Qc4 a5 30. h3 Qb5 31. Qb3 Qb6 32. e6 Rde8 33. Be4 Rf6 34. Nxb4 axb4 35. Rxc6 Rf1+ 36. Kh2 Qa5 37. Qg3+ Ka7 38. Rc7+ 1-0

[Event "Karl Mala Memorial op 11th"]
[Site "Frankfurt"]
[Date "2008.06.27"]
[Round "3"]
[White "Ivanovic, Petar"]
[Black "Sohl, Jan"]
[Result "0-1"]
[WhiteElo "1925"]
[BlackElo "2161"]
[PlyCount "54"]
[EventDate "2008.06.26"]
[EventType "swiss"]
[EventRounds "7"]
[EventCountry "GER"]
[SourceTitle "CBM 125 Extra"]
[Source "ChessBase"]
[SourceDate "2008.09.01"]
[SourceVersion "1"]
[SourceVersionDate "2008.09.01"]
[SourceQuality "1"]

1. e4 e5 2. Nf3 Nc6 3. Bb5 a6 4. Ba4 Nf6 5. 0-0 Be7 6. Re1 b5 7. Bb3 d6 8. h3 0-0 9. c3 Na5 10. Bc2 c5 11. d3 Nc6 12. Nbd2 Re8 13. Nf1 h6 14. Ng3 Bf8 15. Be3 d5 16. d4 exd4 17. cxd4 dxe4 18. Ne5 Nxd4 19. Bxd4 cxd4 20. Nc6 Qb6 21. Nxe4 Qxc6 22. Nxf6+ gxf6 23. Qd3 Rxe1+ 24. Rxe1 f5 25. Bd1 Bb7 26. Qg3+ Bg7 27. Bb3 Re8 0-1

[Event "Rhein Main op 10th"]
[Site "Bad Homburg"]
[Date "2007.06.09"]
[Round "6"]
[White "Ivanovic, Petar"]
[Black "Pade, Joachim"]
[Result "1-0"]
[WhiteElo "1934"]
[BlackElo "1585"]
[PlyCount "95"]
[EventDate "2007.06.06"]
[EventType "swiss"]
[EventRounds "7"]
[EventCountry "GER"]
[SourceTitle "EXT 2008"]
[Source "ChessBase"]
[SourceDate "2007.11.25"]
[SourceVersion "1"]
[SourceVersionDate "2007.11.25"]
[SourceQuality "1"]

1. e4 c6 2. d4 d5 3. exd5 cxd5 4. Bd3 Nf6 5. Nf3 Bg4 6. 0-0 Nc6 7. c3 e6 8. Re1 Be7 9. Nbd2 h6 10. Nf1 0-0 11. h3 Bxf3 12. Qxf3 Nh7 13. Bc2 Ng5 14. Qd3 Ne4 15. f3 Nf6 16. Ng3 Bd6 17. Nh5 Re8 18. Nxf6+ Qxf6 19. f4 Rac8 20. Bd2 a6 21. Rf1 b5 22. Rae1 Rcd8 23. Rf3 Kf8 24. a4 Na5 25. axb5 axb5 26. g4 Qh4 27. Ref1 Qe7 28. Qh7 Qc7 29. Qh8+ Ke7 30. Qxg7 Rg8 31. Qxh6 Kd7 32. f5 e5 33. dxe5 Bxe5 34. Bf4 Nc4 35. Rd1 Ke8 36. Qh7 Rg7 37. Qh8+ Ke7 38. f6+ Kd6 39. Qxg7 Bxf4 40. Rxf4 Kc6 41. Rf3 Ne5 42. Re3 Nc4 43. Qg5 Qb6 44. Rd4 Nxe3 45. Qxe3 Qb8 46. Bb3 Re8 47. Bxd5+ Kc7 48. Qf4+ 1-0

[Event "Rhein Main op 10th"]
[Site "Bad Homburg"]
[Date "2007.06.07"]
[Round "2"]
[White "Ivanovic, Petar"]
[Black "Peter, Falco"]
[Result "1-0"]
[WhiteElo "1934"]
[BlackElo "1513"]
[PlyCount "81"]
[EventDate "2007.06.06"]
[EventType "swiss"]
[EventRounds "7"]
[EventCountry "GER"]
[SourceTitle "EXT 2008"]
[Source "ChessBase"]
[SourceDate "2007.11.25"]
[SourceVersion "1"]
[SourceVersionDate "2007.11.25"]
[SourceQuality "1"]

1. e4 e6 2. d4 Ne7 3. c4 f5 4. Nc3 g6 5. Bg5 Bg7 6. Nf3 0-0 7. Qd2 Qe8 8. Bd3 Nbc6 9. Nb5 Qd8 10. d5 a6 11. Nc3 Ne5 12. Nxe5 Bxe5 13. exf5 exf5 14. 0-0-0 d6 15. h4 Bf6 16. Bxf6 Rxf6 17. h5 Qf8 18. hxg6 Rxg6 19. Rh2 Qg7 20. g3 h6 21. Rdh1 Kh7 22. Ne2 Ng8 23. Nf4 Rg5 24. Re1 Nf6 25. Rhh1 Bd7 26. Ne6 Bxe6 27. Rxe6 Re8 28. Rhe1 Rxe6 29. dxe6 Qe7 30. f3 Rxg3 31. Bxf5+ Kg7 32. Rh1 Ng8 33. Re1 Qf6 34. Bg4 Ne7 35. Kb1 Qg6+ 36. Ka1 h5 37. Qh2 h4 38. Qxh4 Rg2 39. Qxe7+ Kh8 40. Qf8+ Kh7 41. Rh1+ 1-0

[Event "Rhein Main op 10th"]
[Site "Bad Homburg"]
[Date "2007.06.07"]
[Round "3"]
[White "Konik, Michael"]
[Black "Ivanovic, Petar"]
[Result "1-0"]
[WhiteElo "2130"]
[BlackElo "1934"]
[PlyCount "105"]
[EventDate "2007.06.06"]
[EventType "swiss"]
[EventRounds "7"]
[EventCountry "GER"]
[SourceTitle "EXT 2008"]
[Source "ChessBase"]
[SourceDate "2007.11.25"]
[SourceVersion "1"]
[SourceVersionDate "2007.11.25"]
[SourceQuality "1"]

1. d4 e6 2. Nf3 Nf6 3. g3 d5 4. Bg2 Nbd7 5. 0-0 Bd6 6. c4 dxc4 7. Qa4 0-0 8. Qxc4 c6 9. Nc3 e5 10. Rd1 Nb6 11. Qb3 Qc7 12. Bg5 Be6 13. Qc2 Nfd5 14. Nxd5 Nxd5 15. e4 Nb4 16. Qd2 f6 17. Be3 Na6 18. dxe5 Bxe5 19. Nxe5 Qxe5 20. Bf4 Qh5 21. Bd6 Rfd8 22. Qf4 Bxa2 23. Bf3 Qf7 24. Be2 Bc4 25. Bxc4 Qxc4 26. e5 Qxf4 27. gxf4 Kf7 28. Re1 Re8 29. Re3 f5 30. Rb3 Nb8 31. Rxb7+ Ke6 32. Raxa7 Rxa7 33. Rxa7 Nd7 34. b4 Nb6 35. Kg2 Kd5 36. Rxg7 Ke4 37. f3+ Kd3 38. Kg3 Nd5 39. Bc5 h5 40. h4 Ke2 41. Rg5 Nc7 42. Rxf5 Ne6 43. Rxh5 Rg8+ 44. Rg5 Ra8 45. Rg6 Nc7 46. f5 Ra1 47. Rxc6 Nd5 48. Rd6 Nc3 49. e6 Ra3 50. Kf4 Nb5 51. e7 Nxd6 52. Bxd6 Rxf3+ 53. Kg5 1-0

[Event "Rhein Main op 10th"]
[Site "Bad Homburg"]
[Date "2007.06.06"]
[Round "1"]
[White "Chernov, Vadim A"]
[Black "Ivanovic, Petar"]
[Result "1-0"]
[WhiteElo "2485"]
[BlackElo "1934"]
[PlyCount "73"]
[EventDate "2007.06.06"]
[EventType "swiss"]
[EventRounds "7"]
[EventCountry "GER"]
[SourceTitle "EXT 2008"]
[Source "ChessBase"]
[SourceDate "2007.11.25"]
[SourceVersion "1"]
[SourceVersionDate "2007.11.25"]
[SourceQuality "1"]

1. e4 e6 2. d4 d5 3. Nd2 dxe4 4. Nxe4 Nd7 5. Nf3 Ngf6 6. Nxf6+ Nxf6 7. c3 Bd7 8. Ne5 Be7 9. Bd3 0-0 10. 0-0 c5 11. Be3 cxd4 12. Bxd4 Bc8 13. Qf3 Qc7 14. Qh3 h6 15. Rfe1 Bc5 16. Bxc5 Qxc5 17. Rad1 b6 18. b4 Qc7 19. Bb5 a6 20. Bc6 Bb7 21. Bxb7 Qxb7 22. c4 Rad8 23. Qe3 Qc7 24. h3 Rxd1 25. Rxd1 Rd8 26. Rd4 Rc8 27. f4 Qe7 28. Qd2 a5 29. b5 Qc5 30. Kh2 Qc7 31. g4 Qc5 32. Kg2 Qc7 33. Nc6 Qb7 34. Qd3 g6 35. Rd6 Ne8 36. Rd7 Qa8 37. Ra7 1-0

[Event "Karl Mala Memorial op 10th"]
[Site "Griesheim"]
[Date "2006.07.22"]
[Round "5"]
[White "Ivanovic, Petar"]
[Black "Mack, Thorsten"]
[Result "1-0"]
[WhiteElo "1927"]
[BlackElo "1683"]
[PlyCount "55"]
[EventDate "2006.07.20"]
[EventType "swiss"]
[EventRounds "7"]
[EventCountry "GER"]
[SourceTitle "CBM 113 Extra"]
[Source "ChessBase"]
[SourceDate "2006.09.14"]
[SourceVersion "1"]
[SourceVersionDate "2006.09.14"]
[SourceQuality "1"]

1. e4 e6 2. d4 d5 3. e5 c5 4. c3 Nc6 5. Nf3 Qb6 6. Bd3 cxd4 7. cxd4 Nge7 8. Nc3 Bd7 9. 0-0 Nxd4 10. Ng5 g6 11. Be3 Nec6 12. Bb5 Bc5 13. Bxd4 Bxd4 14. Bxc6 Bxc6 15. Na4 Bxa4 16. Qxa4+ Ke7 17. Nf3 Bc5 18. Qf4 Rhf8 19. Qf6+ Ke8 20. Qg7 h5 21. Ng5 Ke7 22. Rac1 Qb5 23. b4 Bb6 24. a3 Rad8 25. Rc3 Qe2 26. Rf3 Ke8 27. Nxe6 Bxf2+ 28. R3xf2 1-0

[Event "Karl Mala Memorial op 10th"]
[Site "Griesheim"]
[Date "2006.07.21"]
[Round "3"]
[White "Ivanovic, Petar"]
[Black "Szakolczai, Peter"]
[Result "0-1"]
[WhiteElo "1927"]
[BlackElo "2299"]
[PlyCount "88"]
[EventDate "2006.07.20"]
[EventType "swiss"]
[EventRounds "7"]
[EventCountry "GER"]
[SourceTitle "CBM 113 Extra"]
[Source "ChessBase"]
[SourceDate "2006.09.14"]
[SourceVersion "1"]
[SourceVersionDate "2006.09.14"]
[SourceQuality "1"]

1. e4 c5 2. Nf3 e6 3. Nc3 a6 4. d4 cxd4 5. Nxd4 Qc7 6. a3 Nf6 7. Be3 b6 8. Be2 Bb7 9. f3 Nc6 10. Qd2 Rc8 11. 0-0 Ne5 12. Rfd1 h5 13. Qe1 h4 14. Qf2 d6 15. Nb3 Ned7 16. Rd2 Be7 17. Rad1 b5 18. Bxb5 axb5 19. Nxb5 Qb8 20. Ba7 Qa8 21. Nxd6+ Bxd6 22. Rxd6 h3 23. g3 Ne5 24. Bb6 0-0 25. Na5 Bxe4 26. fxe4 Qxe4 27. R6d3 Nxd3 28. cxd3 Qg4 29. Qf1 Rc2 30. Nc4 Rg2+ 31. Kh1 Nd5 32. Bc5 Rc8 33. b4 Qh5 34. Re1 Nf6 35. Ne3 Ra2 36. Qf4 Nd5 37. Qe4 Nxe3 38. Qxe3 Qd5+ 39. Qe4 Qb3 40. Qe3 Qc2 41. Qg1 Qxd3 42. Qf1 Qd5+ 43. Kg1 Rg2+ 44. Kh1 Rf2+ 0-1

[Event "Karl Mala Memorial op 09th"]
[Site "Frankfurt"]
[Date "2005.07.31"]
[Round "7"]
[White "Langer, Wolfgang1111"]
[Black "Ivanovic, Petar"]
[Result "1-0"]
[WhiteElo "2153"]
[BlackElo "1540"]
[PlyCount "47"]
[EventDate "2005.07.28"]
[EventType "swiss"]
[EventRounds "7"]
[EventCountry "GER"]
[SourceTitle "EXT 2006"]
[Source "ChessBase"]
[SourceDate "2005.11.24"]
[SourceVersion "1"]
[SourceVersionDate "2005.11.24"]
[SourceQuality "1"]

1. e4 e6 2. d4 d5 3. Nc3 dxe4 4. Nxe4 Nd7 5. Bd3 Ngf6 6. Qe2 Be7 7. Nf3 0-0 8. 0-0 b6 9. Bg5 Bb7 10. Ng3 Re8 11. Rad1 Nd5 12. Bd2 a6 13. c3 b5 14. Rfe1 Nf8 15. Ne5 Ng6 16. Qh5 Nf6 17. Qe2 Nh4 18. Ne4 Ng6 19. Nxf7 Kxf7 20. Ng5+ Kg8 21. Qxe6+ Kh8 22. Nf7+ Kg8 23. Nh6+ Kh8 24. Qg8+ 1-0